Language history, language change, and language relationship: an introduction to historical and comparative linguistics

Saved in:
Bibliografiske detaljer
Main Authors: Hock, Hans Henrich (Author), Joseph, Brian D (Author)
Format: Bog
Sprog:engelsk
Udgivet: Berlín Mouton de Gruyter 1996
Udgivelse:1a. ed
Fag:
Tags: Tilføj Tag
Ingen Tags, Vær først til at tagge denne postø!

MARC

LEADER 00000cam a2200000 a 4500
001 UCC4590
003 CL-VaPUC
008 180810e19960000gw |||||||||||||||||eng|d
020 |a 311014784X 
082 0 4 |a 410  |b HOC  |2 21 
100 0 |a Hock, Hans Henrich  |e author  |9 598775 
700 0 |a Joseph, Brian D  |e author  |9 598776 
245 1 0 |a Language history, language change, and language relationship: an introduction to historical and comparative linguistics 
250 |a 1a. ed 
300 |a 602 p 
942 |c BK 
945 |d 20180810 15:16:00  |a dcastane 
260 |a Berlín  |b Mouton de Gruyter  |c 1996 
650 0 |a Lingüística  |9 265068 
650 7 |a LINGUISTICA DESCRIPTIVA  |2 CL-VaPUC  |9 598777 
650 7 |a LINGUISTICA HISTORICA  |2 CL-VaPUC  |9 323317 
650 7 |a TEORIA LINGUISTICA  |2 CL-VaPUC  |9 334835 
583 |a last modification  |c 20180810 15:16:00  |k Rodrigo Vera 
999 |c 372042  |d 372040 
952 |0 0  |1 0  |3 erb  |4 0  |6 410_000000000000000_HOC_1996  |7 0  |8 A  |9 489280  |a BIBEDU  |b BIBEDU  |i 5487641  |o 410 HOC 1996  |p 5487641  |r 2019-11-24  |w 2019-11-24  |y BK  |z Catalogado en:20180810  |k LIT